000 00744nam a2200241 i 4500
001 63704
003 ES-MaACL
005 20230906164940.0
007 t|
008 031216s1978 sp ||||1| spa d
020 _a84-206-2218-4
100 1 _aFields, Craig.
_950702
245 1 0 _aIntroducción a los computadores /
_cCraig Fields ; versión de Andrés Muñoz Machado.
260 _a[Madrid] :
_bAlianza Editorial,
_c[1978]
300 _a157 p. :
_bil. ;
_c20 cm.
490 1 _aAlianza universidad ;
_v218
504 _aBibliografía: p. 149-150.
650 4 _aOrdenadores.
_915740
700 1 _aMuñoz Machado, Andrés.
_984449
830 1 _aAlianza universidad ;
_v218
_9177276
852 _aES-MaACL
_jA-9291
999 _c63704
_d63704